Cuban sports: saved by capitalism? /
Gardado en:
| Autor Principal: | |
|---|---|
| Formato: | Texto |
| Materias: | |
| Etiquetas: |
Engadir etiqueta
Sen Etiquetas, Sexa o primeiro en etiquetar este rexistro!
|
MARC
| LEADER | 00000 a a2200000 04500 | ||
|---|---|---|---|
| 001 | 10002 | ||
| 003 | |||
| 040 | |||
| 100 | |a Pettavino, Paula J. | ||
| 245 | |a Cuban sports: |b saved by capitalism? / |c Paula J. Pettavino | ||
| 650 | |a DEPORTES | ||
| 650 | |a CONDICIONES SOCIALES | ||
| 650 | |a DESARROLLO ORGANIZACIONAL | ||
| 650 | |a CUBA | ||
| 773 | |g volumen 37, número 5; páginas 27-32 | ||
| 999 | |c 31819 |d 31819 | ||
